000 00578nam a2200229Ia 4500
003 OSt
005 20220918204038.0
006 a|||||r|||| 00| 0
007 ta
008 220917b |||||||| |||| 00| 0 eng d
024 _a110,786
037 _cTextual
040 _aARTS
_cARTS
_beng
041 _2eng
_aeng
082 _aV5xD05:9, J2
100 _aWalker B
_9110523
245 0 _aAnnals of Tacitus ; a study in the writing of history
260 _c1952
650 _aHISTORY
942 _hV5xD05:9, J2
_cTEXL
_2CC
999 _c234136
_d234136